Sports Quiz

Random Sports or NFL Quiz

NFL 1,000 Yard Rushers Quiz Stats

 Plays Quiz Updated Jan 3, 2018

Challenge
Share
Tweet
Embed
Score 0/232 Timer 20:00
3 Plays Today
# Player % Correct
11Emmitt Smith
96.9%
4Robert Smith
96.2%
2Antowain Smith
96.1%
1Lamar Smith
96.1%
1JD Smith
96.1%
10Barry Sanders
93.1%
8LaDainian Tomlinson
91.7%
6Chris Johnson
90.9%
2Larry Johnson
90.5%
3Rudi Johnson
90.4%
10Walter Payton
90.3%
1Pete Johnson
90.3%
2Ron A. Johnson
90.3%
2John Henry Johnson
90.3%
1Anthony Johnson
90.3%
1Fred Jackson
89.4%
2Earnest Jackson
89.2%
2Domanick Williams
88.8%
8Steven Jackson
88.6%
1David Johnson
87.8%
8Jerome Bettis
87.7%
5Thomas Jones
87.6%
1Julius Jones
87.5%
1Kevin Jones
87.5%
7Jim Brown
87.3%
1Ronnie Brown
86.9%
2Doug Martin
86.9%
2Larry Brown
86.8%
1Chris Brown
86.8%
2Gary Brown
86.8%
1Ted Brown
86.8%
7Marshall Faulk
86.1%
5Ricky Williams
86%
2DeAngelo Williams
85.9%
7Adrian Peterson
85.9%
1Cadillac Williams
85.8%
2Delvin Williams
85.7%
1Harvey Williams
85.6%
10Curtis Martin
85.4%
7Edgerrin James
84.3%
1Craig James
84%
6Ahman Green
84%
1Harold Green
83.7%
1Gaston Green
83.6%
9Frank Gore
83.3%
6Tiki Barber
81.9%
7Jamal Lewis
80.7%
5Shaun Alexander
80.6%
8Thurman Thomas
80.5%
2Anthony Thomas
80.3%
1Mike Thomas
80.3%
1C.J. Anderson
78.9%
7Fred Taylor
77.8%
5Jim Taylor
77.5%
1Chester Taylor
77.5%
3Maurice Jones-Drew
76.8%
4Arian Foster
76.6%
6Clinton Portis
76.5%
3Le'Veon Bell
76.4%
4Terrell Davis
76.3%
1Barry Foster
76.2%
7Eddie George
76.2%
4Stephen Davis
76.1%
8Franco Harris
75%
7Corey Dillon
74.6%
1Raymont Harris
74.4%
5Matt Forte
74%
4Ray Rice
73.9%
1Latavius Murray
73.7%
7Eric Dickerson
72.7%
4Jamal Anderson
72.1%
6Ottis Anderson
72%
2Mike Anderson
72%
3Neal Anderson
71.9%
1Gary W. Anderson
71.9%
6LeSean McCoy
71.9%
5Jamaal Charles
70.7%
3Alfred Morris
70.7%
# Player % Correct
5Warrick Dunn
69.6%
4Priest Holmes
69%
1Jeremy Hill
69%
5OJ Simpson
68.6%
3Michael Turner
68.2%
6Marshawn Lynch
67.9%
2Reggie Bush
67.5%
2Brian Westbrook
66.1%
2Ahmad Bradshaw
66%
2Darren McFadden
65.4%
2Brandon Jacobs
65.3%
1Michael Vick
63.5%
2Shonn Greene
63.5%
8Tony Dorsett
63.1%
2Rashard Mendenhall
62.1%
2Calvin Hill
62%
2Eddie Lacy
61.9%
1Ezekiel Elliott
61.9%
3Marcus Allen
61.5%
4Terry Allen
61.3%
1James Allen
61.3%
4Deuce McAllister
61.1%
1Jonathan Stewart
60.9%
2James Stewart
60.7%
4Willis McGahee
60.1%
3Willie Parker
59.9%
2Joseph Addai
59.6%
3Cedric Benson
59.5%
1Kareem Hunt
59.4%
1LenDale White
59%
1Charles White
59%
1Lorenzo White
58.9%
5Earl Campbell
58.9%
3DeMarco Murray
58.8%
7Ricky Watters
58.4%
1Peyton Hillis
58.3%
2Mark Ingram
56.8%
3Joe Morris
56.6%
2BenJarvus Green-Ellis
56.4%
2Lamar Miller
56.4%
5John Riggins
55.8%
2Ryan Grant
55.4%
2Devonta Freeman
54.9%
1Melvin Gordon
54.7%
1Tatum Bell
54.5%
3Greg Bell
54.4%
1Ricky Bell
54.4%
2Todd Gurley
53.2%
1Leonard Fournette
53%
2LeGarrette Blount
52.5%
2Jordan Howard
52.1%
1Jay Ajayi
51.7%
2Ryan Mathews
49.4%
3Larry Csonka
49.4%
4Garrison Hearst
48.7%
3Roger Craig
47.9%
2Herschel Walker
47.3%
1Chris Ivory
46.5%
1C.J. Spiller
46.1%
1Justin Forsett
45.6%
1Knowshon Moreno
45.3%
2Gale Sayers
45.1%
3Duce Staley
43.4%
1Steve Slaton
43.3%
3Travis Henry
43.2%
1Derrick Ward
42.9%
2Christian Okoye
40.8%
1Ickey Woods
40.3%
1Don Woods
40.1%
1Stevan Ridley
39.6%
1Chris 'Beanie' Wells
39%
3Earnest Byner
37.9%
2Dorsey Levens
36.3%
4Curt Warner
35.8%
2Reuben Droughns
33.1%
1Justin Fargas
33%
1Michael Bennett
31.8%
1Edgar Bennett
31.7%
# Player % Correct
3Billy Sims
31.6%
3Gerald Riggs
31.4%
1Natrone Means
30.9%
5Rodney Hampton
29.9%
2Charlie Garner
29.9%
1Dave Hampton
29.8%
1Sam Cunningham
29.5%
1Terry Miller
29.4%
1Dominic Rhodes
29.4%
1Ladell Betts
28.7%
4George Rogers
28.2%
4Chris Warren
27.8%
2LaMont Jordan
27.2%
1Kevin Mack
26.8%
3James Brooks
26.2%
1Reggie Brooks
26.1%
3Wilbert Montgomery
26%
1Tyrone Wheatley
24.4%
2Freeman McNeil
24.1%
1Cleveland Gary
23.6%
1Olandis Gary
23.6%
3Chuck Foreman
23.2%
1Marion Butts
22.8%
2James Wilder
22%
1Kevan Barlow
21.8%
1Floyd Little
21.6%
2Joe Perry
21.6%
1Ronald Moore
21.6%
3Lydell Mitchell
21.5%
1Stump Mitchell
21.5%
3Wendell Tyler
21%
3Leroy Kelly
21%
4William Andrews
20.8%
2Chuck Muncie
20.5%
1Napoleon Kaufman
20.1%
1Rocky Bleier
19.5%
3Adrian Murrell
19.5%
1Karim Abdul-Jabbar
19.2%
1Robert Edwards
19%
1Barry Word
18.8%
4Mike Pruitt
18.6%
3Greg Pruitt
18.6%
2Steve Van Buren
18.3%
1Dalton Hilliard
18.1%
2Errict Rhett
17%
1Craig Heyward
16.9%
4Lawrence McCutcheon
16.7%
3Mark Van Eeghen
16.6%
1Rashaan Salaam
16.5%
1Sammy Winder
15.7%
1Mike Rozier
15.7%
3John Brockington
15.5%
3Joe Cribbs
15.4%
1John Stephens
15%
2Otis Armstrong
14.5%
2Bobby Humphrey
14.5%
1Rueben Mayes
14.2%
1Tony Collins
13.4%
1Steve Owens
13.4%
1Reggie Cobb
12%
1Leonard Russell
11.9%
1Jim Otis
11.5%
1Mike Garrett
11.3%
1Joe Delaney
11.1%
1Erric Pegram
11%
1Tony Reed
10.7%
1Marv Hubbard
10.2%
1John David Crow
10.1%
1Beattie Feathers
9.7%
2Dick Bass
9.2%
1Curtis Dickey
9.1%
1Terdell Middleton
8.9%
1Willie Ellison
8.8%
1Rick Casares
8.5%
1Tony Canadeo
8.5%
1John Settle
8.1%

You're not logged in!

Compare scores with friends on all Sporcle quizzes.
Join for Free
OR
Log In

You Might Also Like...

Show Comments

Extras

Top Quizzes Today


Score Distribution

Your Account Isn't Verified!

In order to create a playlist on Sporcle, you need to verify the email address you used during registration. Go to your Sporcle Settings to finish the process.

Report this User

Report this user for behavior that violates our Community Guidelines.

Details: